| 000 | 00812nam a2200229Ia 4500 | ||
|---|---|---|---|
| 003 | GCL | ||
| 005 | 20240530110922.0 | ||
| 008 | 140319s9999 xx 000 0 ara d | ||
| 017 | _a1985/2999 | ||
| 020 | _a9770105953 | ||
| 040 |
_aGCL / _cGCL |
||
| 082 | 0 | 4 |
_a301.243 _bب ع |
| 100 | 1 | _aبتسوليتش، ميروسلاف | |
| 245 | 1 | 2 |
_aالعلم والتكنولوجيا / _cتحرير ميروسلاف بتسوليتش ، انور عبدالملك |
| 260 |
_aالقاهرة : _bالهيئة المصرية العامة للكتاب، _c1985 |
||
| 300 |
_a239 ص. ؛ _c24 سم. |
||
| 490 | 0 |
_aتغيير العالم ؛ _v1 |
|
| 650 | 0 | 4 | _aالبناء الاجتماعى |
| 650 | 0 | 4 | _aالتغيير الاجتماعى |
| 700 | 0 |
_aانور عبدالملك _eمحرر مشارك |
|
| 942 |
_2ddc _cBK |
||
| 999 |
_c66506 _d66506 |
||